Sebahodnotenie v európskych školách príbeh zmeny

Bibliographic Details
Main Authors: MacBeath, John (Author), Schratz, Michael (Author), Meuret, Denis (Author), Jacobsen, Lars (Author)
Other Authors: Srnková, Iveta (Translator), Novák, Miloš (Editor)
Format: Book
Language:Slovak
English
PhysicalDescription:183 s. fotogr., sch., tab. 21 cm
Published: Banská Bystrica Metodicko-pedagogické centrum 2006
ISBN:8080414947 (brož.)
Edition:1. vyd.
Subjects:

MARC

LEADER 00000nam a2200000 a 4500
001 vtls008901527
003 SK-MaSNL
005 20260301022508.0
008 160610s2006 xo ol g f 000 0 slo
015 |a SNBA2007/02-00338 
020 |a 8080414947 (brož.) 
035 |a B64D37E1-407E-4148-8C4E-23A5EE3951CF 
035 |a urn:nbn:sk:snk-aml6n7 
035 |a urn:nbn:sk:snk-am008ufz 
040 |a SNK  |b slo  |c SNK  |e AACR2 
041 1 |a slo  |h eng 
043 |a e------ 
044 |a xo  |c SK 
072 7 |a 371  |x Školstvo (organizácia)  |2 konspekt 
080 |a 37.011/.012  |2 2001 
080 |a 373/378  |2 2001 
080 |a (4)  |2 2001 
080 |a (0:82-34)  |2 2001 
080 |a (035)  |2 2001 
245 0 0 |a Sebahodnotenie v európskych školách  |b príbeh zmeny  |c John MacBeath ... [et al.] ; editor a spoluautor slovenskej časti: Miloš Novák ; [preklad: Iveta Srnková] 
250 |a 1. vyd. 
260 |a Banská Bystrica  |b Metodicko-pedagogické centrum  |c 2006 
300 |a 183 s.  |b fotogr., sch., tab.  |c 21 cm 
366 |e 1200 výtl. 
504 |a Bibliogr. s. 180-183. Pozn. 
650 0 7 |a pedagogická evalvácia  |2 SNKPH  |9 4127 
650 0 7 |a školy  |2 SNKPH  |9 1276 
651 7 |a Európa  |2 SNKPH  |9 167569 
655 7 |a príbehy  |2 SNKPH  |9 70507 
655 7 |a príručky  |2 SNKPH  |9 74364 
700 1 |a MacBeath, John  |4 aut  |9 313248 
700 1 |a Srnková, Iveta  |4 trl  |9 313249 
700 1 |a Novák, Miloš  |4 edt  |9 9526 
700 1 |a Schratz, Michael  |4 aut  |9 313250 
700 1 |a Meuret, Denis  |4 aut  |9 313251 
700 1 |a Jacobsen, Lars  |4 aut  |9 313252 
919 |a 80-8041-494-7 
958 |a OP 
958 |a NB 
958 |a OND 
968 |b ENG  |d 37 
999 |c 567505  |d 569435 
952 |a SNK  |b SNK  |y PREZ  |7 0  |p 17A0533669  |o snkSC 126034  |i snk2006/26624  |8 0  |0 0  |1 0  |4 0  |d 2006-12-20  |f 1  |l 0  |r 2025-06-11 00:00:00  |w 2026-02-23 
952 |a SNK  |b SNK  |y VYP  |7 0  |p 17A0533670  |o snkSC 126034 D1  |i snk2006/26625  |8 0  |0 0  |1 0  |4 0  |d 2006-12-20  |l 0  |r 2026-02-23 14:03:07  |w 2026-02-23